01010cam a22002291 4500001001300000003000400013005001700017008004100034010001700075035001900092040004500111050001500156100003700171245013200208260006100340300003500401490007900436500015800515650004800673650004200721999001700763e 39000307 DLC20260227111228.0830606s1939 nyu 000 0 eng c ae 39000307  a(OCoLC)9580386 aU. S. Off. of educ. LibrarycICarbSdDLC00aLA337b.H61 aHorner, Harlan Hoyt,d1878-1965.14aThe state and higher education,cby Harlan H. Horner, associate commissioner of education, New York state education department. aAlbany,bThe University of the state of New York,c1939. a3-36 p.bincl. tables.c23 cm.0 aUniversity of the state of New York bulletin,vno. 1162 ... April 15, 1939 a"A paper presented at the annual meeting of the Association of colleges and universities of the state of New York at Syracuse, Friday, January 27, 1939." 0aUniversities and collegeszNew York (State) 0aEducation and statezNew York (State) c21668d21668